Trenerzy Zwycięzców Ligi Mistrzów - Statystyki

Ogólne statystyki
  • Ten quiz został rozwiązany 258 razy
    97 od ostatniego zresetowania
  • Średni wynik to 25 z 33
Statystyki odpowiedzi
Sezon Klub Odpowiedź % Poprawnych
2022/23 Man City Pep Guardiola
100%
2010/11 Barcelona Pep Guardiola
100%
2008/09 Barcelona Pep Guardiola
100%
2023/24 Real Carlo Ancelotti
98%
2021/22 Real Carlo Ancelotti
98%
2013/14 Real Carlo Ancelotti
98%
2006/07 Milan Carlo Ancelotti
98%
2002/03 Milan Carlo Ancelotti
98%
2015/16 Real Rafa Benitez | Zinedine Zidane
98%
2017/18 Real Zinedine Zidane
98%
2016/17 Real Zinedine Zidane
98%
2018/19 Liverpool Jurgen Klopp
95%
2024/25 Paris SG Luis Enrique
94%
2014/15 Barcelona Luis Enrique
94%
2009/10 Inter Jose Mourinho
93%
2003/04 Porto Jose Mourinho
93%
2007/08 Man United Alex Ferguson
90%
1998/99 Man United Alex Ferguson
90%
2019/20 Bayern Niko Kovac | Hans-Dieter Flick
89%
2020/21 Chelsea Frank Lampard | Thomas Tuchel
87%
2004/05 Liverpool Rafa Benitez
77%
2012/13 Bayern Jupp Heynckes
67%
1997/98 Real Jupp Heynckes
67%
2005/06 Barcelona Frank Rijkaard
63%
1999/00 Real John Toshack | Vicente Del Bosque
50%
2001/02 Real Vicente Del Bosque
50%
2011/12 Chelsea Andre Villas-Boas | Roberto Di Matteo
49%
1993/94 Milan Fabio Capello
33%
1994/95 Ajax Louis Van Gaal
30%
1995/96 Juventus Marcello Lippi
30%
2000/01 Bayern Ottmar Hitzfeld
27%
1996/97 Dortmund Ottmar Hitzfeld
27%
1992/93 Marsylia Raymond Goethals
2%
Nie znaleziono quizów pasujących do podanych kryteriów
Rozkład punktacji
Procent ludzi z każdym wynikiem
Percentyl według liczby udzielonych odpowiedzi
Twoja historia wyników
Nie rozwiązałeś tego quizu od ostatniego zresetowania